Catalog

Record Details

Catalog Search



The rainy day grump / Deborah Eaton ; photographs ... Read More

Eaton, Deborah.(Author).
Handelman, Dorothy.(Added Author).

Available copies

  • 1 of 1 copy available at LARL/NWRL Consortium.
  • 1 of 1 copy available at Northwest Regional Library. (Show preferred library)

Current holds

0 current holds with 1 total copy.

Show Only Available Copies
Location Call Number / Copy Notes Barcode Shelving Location Status Due Date
Roseau Public Library e EAT (Text) 35500002634655 Main Available -

Record details

  • ISBN: 0761320180 (lib. bdg.)
  • ISBN: 0761320431 (pbk.)
  • Physical Description: 31 p. : ill. ; 23 cm.
  • Publisher: Brookfield, Conn. : Millbrook Press, 1998.

Content descriptions

Summary, etc.:
Rosie wants her brother Clay to play dress-up, but ... Read More
Subject: Rain and rainfall > Fiction.
Baseball > Fiction.
Play > Fiction.
Brothers and sisters > Fiction.
LDR 01141nam a22003138a 4500
00125304
003LARL_NWRL_CONSORTIUM
00519980122135144.2
008980113s1998 ctu b 000 1 eng
020 . ‡a0761320180 (lib. bdg.)
020 . ‡a0761320431 (pbk.)
03500. ‡ilcmarc/AWG-4668/NWRLTECH
08200. ‡a[E] ‡221
092 . ‡ae EAT
1001 . ‡aEaton, Deborah. ‡0(LARL_NWRL_CONSORTIUM)114873
24514. ‡aThe rainy day grump / ‡cDeborah Eaton ; photographs by Dorothy Handelman.
260 . ‡aBrookfield, Conn. : ‡bMillbrook Press, ‡c1998.
300 . ‡a31 p. : ‡bill. ; ‡c23 cm.
4900 . ‡aReal kids readers. Level 2
520 . ‡aRosie wants her brother Clay to play dress-up, but he is grumpy because it's raining and they can't play ball.
650 1. ‡aRain and rainfall ‡vFiction.
650 1. ‡aBaseball ‡vFiction. ‡0(LARL_NWRL_CONSORTIUM)175884
650 1. ‡aPlay ‡vFiction.
650 1. ‡aBrothers and sisters ‡vFiction. ‡0(LARL_NWRL_CONSORTIUM)163634
7001 . ‡aHandelman, Dorothy. ‡0(LARL_NWRL_CONSORTIUM)107142
901 . ‡a25304 ‡bISxN ‡c25304 ‡tbiblio

Additional Resources